000 01044nam a2200229Ia 4500
001 L475-25589
003 IT-CnALBA
008 170116s9999||||xx |||||||||||||| ||und||
040 _aIT-CnALBA
_cIT-CnALBA
041 _aLATINO
100 _aAA. VV.
245 0 _aNOVAE ANTHOLOGIAE- LIBER II. IN USUM SCHOLARUM ORDINIS SECUNDI.
250 _a1a ed.
260 _aTORINO
_bREGIA TYPOGRAPHIA OFFICINA.
_c1856 [1° Ed.: n.d.]
300 _a320 p.
500 _aCICERONE, DE ORTENSIO. SALLUSTIO, GUERRA CATILINARIA E GUERRA GIUGURTINA. TITO LIVIO. PLINIO. TACITO. SVETONIO. PLAUTO. TERENZIO. CATULLO, CARME NUZIALE. OVIDIO. MARZIALE.
501 _aSocietà San Paolo EM - Piazza San Paolo, 14 - 12051 ALBA (CN) (non commercial uses only) ® Copyright 2017
520 _aCICERONE, DE ORTENSIO. SALLUSTIO, GUERRA CATILINARIA E GUERRA GIUGURTINA. TITO LIVIO. PLINIO. TACITO. SVETONIO. PLAUTO. TERENZIO. CATULLO, CARME NUZIALE. OVIDIO. MARZIALE.
650 _aGRAMMATICA LATINA SINTASSI ESERCIZI
942 _cBK
957 _71
999 _a30376
_bSI
_g Copie: 1
_c284702
_d284702